000 00283nam a2200121Ia 4500
008 210312s9999||||xx |||||||||||||| ||und||
041 _aosm
050 _aKKX480
050 _bP37
245 0 _aPasaport kanunu
260 _c1329
650 _aHukuk--İdari hukuk--Türkiye--Pasaportlar
999 _c22027
_d22027